|
|
|
|
| LEADER |
00000nab a2200000 a 4500 |
| 001 |
vtls008826850 |
| 003 |
SK-MaSNL |
| 005 |
20260304140000.0 |
| 008 |
250505c2006 xo mr|p|||||||000 b|slo |
| 015 |
|
|
|a SNBRB2006/06
|2 snkbucl
|
| 035 |
|
|
|a (uuid)c48ed8c4-1f3a-4f3b-8d6c-f129b4bc14f2
|
| 035 |
|
|
|a urn:nbn:sk:snk-abf4qy
|
| 035 |
|
|
|a (urnnbn)urn:nbn:sk:snk:ar-004zkr
|
| 038 |
|
|
|a SNKBUCL
|
| 040 |
|
|
|a SNKBUCL
|b slo
|c SNKBUCL
|e AACR2
|
| 041 |
0 |
|
|a cze
|
| 044 |
|
|
|a xo
|c SK
|
| 080 |
|
|
|a 82.09:821.162.4-1
|2 1997
|
| 080 |
|
|
|a 821.162.4-1.09
|2 1997
|
| 100 |
1 |
|
|a Červenka, Miroslav,
|d 1932-2005
|4 aut
|9 103669
|
| 245 |
1 |
0 |
|a Spor s básníkem
|c Miroslav Červenka
|
| 600 |
1 |
7 |
|a Válek, Miroslav,
|d 1927-1991
|t Milovanie v husej koži
|2 snkbucl
|9 88100
|
| 648 |
|
7 |
|a 1966
|2 snkbucl
|9 289246
|
| 655 |
|
7 |
|a dobové hodnotenie
|2 snkbucl
|9 1059660
|
| 773 |
0 |
|
|t Slovenská literatúra
|g Roč. LIII, č. 1 (2006), s. 70-74
|x 0037-6973
|
| 850 |
|
|
|a Slovenská národná knižnica
|
| 852 |
|
|
|a Slovenská národná knižnica
|
| 958 |
|
|
|a article27
|
| 958 |
|
|
|a LX
|
| 958 |
|
|
|a CZ
|
| 958 |
|
|
|a SK
|
| 958 |
|
|
|a OND
|
| 958 |
|
|
|a EUIPO
|
| 999 |
|
|
|c 2913015
|d 2914945
|